000 00854nam a2200265Ia 4500
005 20220316235719.0
008 121119s1997 sp a gr 000 0 spa
020 _a8428324190
041 0 _aspa
082 0 4 _a610.73
_bL67T
100 1 _aLorens Tarazona, Carmen
245 1 0 _aTécnicas básicas de enfermería
_cCarmen Llorens Tarazona, Carmen Juan Blanch
250 _aPrimera edición
300 _aXI, 211 páginas
_bilustraciones
_c25 cm
650 1 4 _aEnfermos
_xCuidado
_2LEMB
650 1 4 _aEnfermería
_vManuales
_2LEMB
650 1 4 _aAuxiliares de enfermería
_vManuales
_2LEMB
700 1 _aJuan Blanch, Carmen
_933557
942 _2ddc
_cBK
264 _aMadrid
_bParaninfo
_c1997
336 _atexto
_btxt
_2rdacontent
337 _asin mediación
_bn
_2rdamedia
338 _avolumen
_bnc
_2rdacarrier
040 _aCO-BoRNBP
_bspa
_erda
_cCO-BoRNBP
999 _c1919
_d1919